| 000 | 005840000a22001810004500 | ||
|---|---|---|---|
| 003 | MACL | ||
| 005 | 20160522153341.0 | ||
| 008 | 160522b xxu||||| |||| 00| 0 eng d | ||
| 040 |
_aMACL _cMACL |
||
| 041 | _aHindi | ||
| 082 | _a891.433 JHA | ||
| 100 |
_aझा, विकास कुमार _958878 |
||
| 245 |
_aबिहार राजनीति का अपराधीकरण _cविकास कुमार झा |
||
| 260 |
_bसृष्टि प्रकाशन _c1992 _aपटना |
||
| 350 | _a125 | ||
| 650 |
_aTravel _958879 |
||
| 942 |
_cHIN _k910 _2ddc |
||
| 999 |
_c20033 _d20033 |
||